[Event "Pyramiden Cup 2015"]
[Site "?"]
[Date "2015.09.04"]
[Round "3.9"]
[White "Beesk, Kevin"]
[Black "Schunk, Eduard"]
[Result "1/2-1/2"]
[WhiteElo "1921"]
[BlackElo "2319"]
[PlyCount "51"]
[EventDate "2015.??.??"]
[TimeControl "6000+905"]
[WhiteClock "0:43:20"]
[BlackClock "0:12:30"]

1. Nc3 g6 2. d4 Bg7 3. e4 d6 4. Be3 c6 5. Qd2 b5 6. f3 a6 7. g4 Nd7 8. h4 h6 9.
Nge2 e6 10. Ng3 d5 11. e5 c5 12. f4 cxd4 13. Bxd4 Ne7 14. O-O-O Nc6 15. Bf2 Bb7
16. Bd3 Qa5 17. Kb1 O-O-O 18. Rhe1 Bf8 19. Nce2 Bb4 20. c3 Be7 21. g5 hxg5 22.
hxg5 Rh2 23. Bg1 Rh3 24. Bf2 Rh2 25. Bg1 Rh3 26. Bf2 1/2-1/2

[Event "Pyramiden Cup 2015"]
[Site "Fuerth"]
[Date "2015.09.05"]
[Round "3.10"]
[White "Fischer, Johannes"]
[Black "Troyke, Doreen"]
[Result "1-0"]
[WhiteElo "2269"]
[BlackElo "2074"]
[PlyCount "61"]
[EventDate "2015.??.??"]
[WhiteTeam "SW Nürnberg Süd"]
[BlackTeam "Erfurter SK"]

1. g3 d5 2. Bg2 Nf6 3. Nf3 c6 4. d3 Bf5 5. O-O h6 6. Nbd2 e6 7. Qe1 Be7 8. e4
Bh7 9. Qe2 O-O 10. b3 Na6 11. Bb2 Re8 12. e5 Nd7 13. Ne1 Qc7 14. f4 f6 15. Bh3
Nf8 16. Ndf3 Nc5 17. exf6 Bxf6 18. Ne5 Rad8 19. N1f3 Ncd7 20. Rf2 Nxe5 21. Bxe5
Qb6 22. Re1 c5 23. Bxf6 gxf6 24. Nh4 Qc6 25. Qh5 Kg7 26. Rfe2 c4 27. Bf5 cxd3
28. cxd3 Qc3 29. Bxh7 Nxh7 30. Qg6+ Kh8 31. Qf7 1-0

[Event "Pyramiden Cup 2015"]
[Site "Fuerth"]
[Date "2015.09.05"]
[Round "3.11"]
[White "Fedorovsky, Michael"]
[Black "Bitter, Frank"]
[Result "1-0"]
[WhiteElo "2451"]
[BlackElo "1914"]
[PlyCount "109"]
[EventDate "2015.??.??"]
[WhiteTeam "FC Bayern München"]
[BlackTeam "SC WD Ulm"]

1. d4 d5 2. c4 e6 3. Nc3 c5 4. cxd5 exd5 5. Nf3 Nc6 6. dxc5 d4 7. Na4 Bxc5 8.
Nxc5 Qa5+ 9. Qd2 Qxc5 10. e3 dxe3 11. Qxe3+ Qxe3+ 12. Bxe3 Be6 13. Nd4 Nxd4 14.
Bxd4 f6 15. Rc1 Ne7 16. Rc7 b6 17. Ba6 Kf7 18. O-O Rhd8 19. Be3 Rd7 20. Rxd7
Bxd7 21. Rc1 Be6 22. b3 Rd8 23. Kf1 Nd5 24. Bd2 Rd7 25. Bb5 Re7 26. f4 f5 27.
Kf2 g6 28. h3 Rc7 29. Bc4 Rd7 30. Bb5 Rc7 31. Rxc7+ Nxc7 32. Be2 Nd5 33. Bf3
Ke7 34. Ke2 Kd6 35. Kd3 Kc5 36. a3 Nc7 37. Bb4+ Kb5 38. Bd6 Nd5 39. Kd4 Kc6 40.
Ke5 Bf7 41. b4 b5 42. a4 a6 43. a5 Bg8 44. Bc5 Bf7 45. g3 Bg8 46. Be3 Bf7 47.
Bd2 Bg8 48. g4 fxg4 49. hxg4 Bf7 50. g5 Bg8 51. Be4 Bf7 52. f5 gxf5 53. Bxf5
Bg6 54. Bxg6 hxg6 55. Ke6 1-0

[Event "Pyramiden Cup 2015"]
[Site "Fuerth"]
[Date "2015.09.05"]
[Round "3.12"]
[White "Middelhoff, Cornelius"]
[Black "Mons, Leon"]
[Result "0-1"]
[WhiteElo "2114"]
[BlackElo "2464"]
[PlyCount "62"]
[EventDate "2015.??.??"]
[WhiteTeam "TSG Apolda"]
[BlackTeam "SC Hansa Dortmund"]

1. d4 Nf6 2. c4 b6 3. Nc3 Bb7 4. Qc2 d5 5. cxd5 Nxd5 6. e4 Nxc3 7. bxc3 e5 8.
Nf3 exd4 9. Bc4 Nc6 10. O-O d3 11. Bxd3 Qe7 12. Qa4 O-O-O 13. Ba6 Na5 14. Bxb7+
Kxb7 15. e5 Qd7 16. Qf4 h6 17. Be3 Ba3 18. Rab1 Rhe8 19. c4 g5 20. Qe4+ Qc6 21.
Qf5 Nxc4 22. Qxf7 Nxe5 23. Nxe5 Rxe5 24. Rb3 Bc5 25. Rc3 Qd6 26. Qf3+ Qd5 27.
Bxc5 Qxf3 28. gxf3 Rxc5 29. Rxc5 bxc5 30. Re1 Rd4 31. Kf1 c4 0-1

[Event "Pyramiden Cup 2015"]
[Site "Fuerth"]
[Date "2015.09.05"]
[Round "3.13"]
[White "Moehn, Hans"]
[Black "Turner, Radek"]
[Result "1/2-1/2"]
[WhiteElo "2389"]
[BlackElo "2080"]
[PlyCount "154"]
[EventDate "2015.??.??"]
[WhiteTeam "USV TU Dresden"]
[BlackTeam "TS Regensburger"]

1. Nf3 d5 2. g3 c6 3. Bg2 Nf6 4. O-O Bf5 5. c4 e6 6. d3 Nbd7 7. cxd5 cxd5 8.
Qb3 Qb6 9. Qxb6 Nxb6 10. Be3 Nbd7 11. Rc1 Ng4 12. Bf4 Bc5 13. d4 Bb6 14. Nc3 a6
15. Na4 Bd8 16. Nh4 Bg6 17. Nxg6 hxg6 18. e4 Ngf6 19. exd5 Nxd5 20. Bxd5 exd5
21. Nc5 Nxc5 22. Rxc5 O-O 23. Rxd5 Bf6 24. Be3 Rfd8 25. Rxd8+ Rxd8 26. Rd1 Kf8
27. Kf1 Ke7 28. h4 Rc8 29. Ke2 Rc2+ 30. Rd2 Rxd2+ 31. Kxd2 Ke6 32. Kd3 Kd5 33.
a4 Bd8 34. Bd2 Bb6 35. Bc3 Ba7 36. b3 Bb6 37. Bb2 Ba7 38. Bc3 Bb6 39. Ke3 Ba7
40. g4 Bb6 41. Kd3 Ba7 42. f3 Bb6 43. a5 Ba7 44. b4 b5 45. Bb2 Bb8 46. Bc1 Bd6
47. Kc3 Bg3 48. h5 gxh5 49. gxh5 Be1+ 50. Kb3 Bf2 51. h6 gxh6 52. Bxh6 Bxd4 53.
Bc1 Bf2 54. Bd2 Bd4 55. Bc1 Bf2 56. Bb2 Be1 57. Ba1 Bd2 58. Bf6 Bf4 59. Bc3 Be5
60. Bd2 Bd4 61. Bf4 Bf2 62. Bc7 Be1 63. Bb6 Ke5 64. Be3 f5 65. Ka3 Bc3 66. Kb3
Bd4 67. Bd2 Kd5 68. Bh6 Be5 69. Be3 Bg3 70. Bb6 Be1 71. Be3 Ke5 72. Ka3 Kd5 73.
Kb3 Bg3 74. Bb6 Be5 75. Be3 Bd4 76. Bd2 Bf2 77. Kc3 Bd4+ 1/2-1/2

[Event "Pyramiden Cup 2015"]
[Site "Fuerth"]
[Date "2015.09.05"]
[Round "3.14"]
[White "Wenninger, Philipp"]
[Black "Schrems, Hermann"]
[Result "1-0"]
[WhiteElo "2249"]
[BlackElo "2098"]
[PlyCount "86"]
[EventDate "2015.??.??"]
[WhiteTeam "SC Erlangen"]
[BlackTeam "SC Emmendingen"]

1. d4 Nf6 2. Bg5 Ne4 3. Bh4 c5 4. f3 g5 5. fxe4 gxh4 6. e3 Bh6 7. Kf2 Rg8 8. c3
Qb6 9. b3 cxd4 10. cxd4 Nc6 11. Nc3 e6 12. Nf3 Qd8 13. Bd3 d6 14. Qe2 a6 15.
Rhf1 Bd7 16. Kg1 Qe7 17. Kh1 Rc8 18. Rac1 Rg7 19. Na4 Kf8 20. Nb6 Rc7 21. d5
exd5 22. Nxd5 Qd8 23. Nxc7 Qxc7 24. Nxh4 Qb6 25. Rce1 Ne5 26. Nf5 Rg6 27. Bc4
Bg5 28. h3 Kg8 29. a4 Be6 30. Bxe6 fxe6 31. Nd4 Qd8 32. Rc1 Qe7 33. Nf3 Bf6 34.
Qc2 Nc6 35. Nd4 Nd8 36. Qc8 Rg7 37. Nf3 e5 38. Rc2 Kh8 39. Rfc1 Rg8 40. Rc7 Qf8
41. Qf5 Qh6 42. Rd7 Qg6 43. Qxg6 hxg6 1-0

[Event "Pyramiden Cup 2015"]
[Site "Fuerth"]
[Date "2015.09.05"]
[Round "3.15"]
[White "Grafe, Wilhelm"]
[Black "Heimrath, Reiner"]
[Result "1/2-1/2"]
[WhiteElo "2168"]
[BlackElo "2191"]
[PlyCount "236"]
[EventDate "2015.??.??"]
[WhiteTeam "SC NT Nürnberg"]
[BlackTeam "SC Noris-Tarrasch Nürnberg"]

1. Nf3 d6 2. d4 Nd7 3. c4 e5 4. Nc3 Ngf6 5. g3 Be7 6. Bg2 O-O 7. O-O Re8 8. h3
h6 9. d5 a5 10. e4 Nc5 11. Qc2 a4 12. Be3 b6 13. b4 axb3 14. axb3 Rxa1 15. Rxa1
Na6 16. Ne1 Nd7 17. Nb5 Ndb8 18. Bd2 Rf8 19. Nd3 f5 20. f3 Bg5 21. b4 Qf6 22.
Rf1 Qg6 23. Bxg5 Qxg5 24. Kh2 Qg6 25. Qf2 h5 26. Qe3 f4 27. Qf2 Qh6 28. gxf4
exf4 29. h4 Qf6 30. Bh3 c5 31. bxc5 bxc5 32. Rg1 Nb4 33. Ne1 N8a6 34. Rg5 g6
35. Qg2 Kf7 36. Na7 Bxh3 37. Qxh3 Rd8 38. Nb5 Kg7 39. Qg2 Kh7 40. Qd2 Rf8 41.
Kh3 Rf7 42. Ng2 Nb8 43. Nxd6 Qxd6 44. e5 Qf8 45. e6 Rf5 46. Rxf5 Qxf5+ 47. Kh2
Qe5 48. Qxf4 Qxf4+ 49. Nxf4 Kg7 50. e7 Kf7 51. Nxg6 Nd7 52. Nf4 Kxe7 53. Nxh5
Nd3 54. Ng3 Nf6 55. h5 Ne5 56. h6 Nxf3+ 57. Kg2 Ne5 58. h7 Ng6 59. Ne2 Nxh7 60.
Nc1 Ne5 61. Nb3 Kd6 62. Nxc5 Kxc5 63. d6 Nf6 64. Kg3 Nc6 65. Kf4 Nd7 66. Ke4
Kxd6 67. c5+ Ke6 68. Kf4 Nf6 69. Ke3 Ke5 70. Kd3 Nd5 71. Kd2 Ke4 72. Ke2 Nde7
73. Kf2 Nf5 74. Ke2 Ng3+ 75. Kd2 Kd4 76. Kc2 Ne4 77. Kd1 Ke3 78. Kc2 Ke2 79.
Kc1 Nc3 80. Kc2 Nd5 81. Kc1 Ne3 82. Kb2 Kd3 83. Kb3 Nd1 84. Ka4 Kc4 85. Ka3 Kd3
86. Ka4 Nc3+ 87. Kb3 Ne2 88. Kb2 Kd2 89. Kb3 Kd3 90. Kb2 Ned4 91. Kc1 Ke2 92.
Kb2 Kd2 93. Kb1 Nb5 94. Kb2 Nc3 95. Kb3 Kd3 96. Kb2 Ne2 97. Kb3 Ned4+ 98. Kb2
Kd2 99. Kb1 Nb4 100. Kb2 Ndc6 101. Kb3 Kd3 102. Kb2 Nd5 103. Kb3 Ne3 104. Kb2
Kc4 105. Ka3 Nd1 106. Ka2 Kc3 107. Kb1 Kb3 108. Kc1 Nc3 109. Kd2 Kc4 110. Ke3
Kd5 111. Kd3 Ne4 112. Ke3 Ke5 113. Kd3 Nf6 114. Ke3 Ng4+ 115. Kd3 Kd5 116. Kc3
Ke4 117. Kc4 Ne3+ 118. Kc3 Nf1 1/2-1/2

[Event "Pyramiden Cup 2015"]
[Site "Fuerth"]
[Date "2015.09.05"]
[Round "3.16"]
[White "Krauss, Josef"]
[Black "Reis, Gerhard"]
[Result "0-1"]
[WhiteElo "2098"]
[BlackElo "2197"]
[PlyCount "78"]
[EventDate "2015.??.??"]
[WhiteTeam "SK Schweinfurt"]
[BlackTeam "SW Nürnberg Süd"]

1. e4 c5 2. c3 d5 3. exd5 Qxd5 4. d4 cxd4 5. cxd4 Nc6 6. Nf3 e5 7. Nc3 Bb4 8.
Bd2 Bxc3 9. Bxc3 e4 10. Ne5 Nxe5 11. dxe5 Ne7 12. Qa4+ Bd7 13. Qa3 Qe6 14. Rd1
O-O 15. Be2 Bc6 16. Qd6 e3 17. O-O Nd5 18. Qxe6 fxe6 19. f3 Rad8 20. Rde1 Nf4
21. Bc4 Bd5 22. Bxd5 exd5 23. Bd4 e2 24. Rf2 Nd3 25. Rexe2 Nxf2 26. Kxf2 b6 27.
Ke3 Kf7 28. f4 Ke6 29. g4 g6 30. Rf2 Rc8 31. Bc3 Rc4 32. Bd4 Rf7 33. b3 Rc1 34.
Bb2 Re1+ 35. Kf3 Re4 36. Kg3 d4 37. Bc1 d3 38. Kf3 Rxe5 39. Rd2 Re1 0-1

[Event "Pyramiden Cup 2015"]
[Site "Fuerth"]
[Date "2015.09.05"]
[Round "3.17"]
[White "Guggenberger, Guido"]
[Black "Hoecher, Michael"]
[Result "0-1"]
[WhiteElo "2019"]
[BlackElo "2091"]
[PlyCount "62"]
[EventDate "2015.??.??"]
[WhiteTeam "TV Tegernsee"]
[BlackTeam "SC Garching"]

1. d4 d5 2. c4 c6 3. cxd5 cxd5 4. Bf4 Nc6 5. Nc3 Nf6 6. e3 a6 7. Bd3 b5 8. a4
b4 9. Nb1 g6 10. Nd2 Bg7 11. Rc1 Bb7 12. Nb3 Nd7 13. Nf3 e5 14. Nxe5 Ncxe5 15.
dxe5 Nxe5 16. Nc5 Qe7 17. Nxb7 Qxb7 18. b3 O-O 19. O-O Nxd3 20. Qxd3 Bc3 21.
Bd6 Rfc8 22. Rfd1 d4 23. exd4 Qd5 24. Bc5 Qxb3 25. Qc2 Qd5 26. Rb1 a5 27. Rd3
Bxd4 28. Qd1 Rxc5 29. Rxd4 Qe5 30. Qd2 Re8 31. Rd1 Rc2 0-1

[Event "Pyramiden Cup 2015"]
[Site "Fuerth"]
[Date "2015.09.05"]
[Round "3.18"]
[White "Berger, Stefan"]
[Black "Kannenberg, Karl-Heinz"]
[Result "0-1"]
[WhiteElo "1996"]
[BlackElo "2220"]
[PlyCount "168"]
[EventDate "2015.??.??"]
[WhiteTeam "Schweiz"]
[BlackTeam "SC Kitzingen"]
[WhiteTeamCountry "SUI"]

1. Nf3 d5 2. d4 Nf6 3. c4 c6 4. Qc2 g6 5. Bf4 Nh5 6. Be5 f6 7. Bg3 Nxg3 8. hxg3
Be6 9. Nbd2 Bg7 10. e3 Nd7 11. Bd3 Bf7 12. cxd5 cxd5 13. Rc1 O-O 14. Qb3 Rc8
15. O-O Qb6 16. Bb5 Qd6 17. Qa4 Nb6 18. Qb3 Rc7 19. Rxc7 Qxc7 20. Qa3 Rc8 21.
Nb3 Nc4 22. Bxc4 dxc4 23. Rc1 b6 24. Qa6 Qc6 25. Nbd2 b5 26. Qa5 Qb6 27. Qxb6
axb6 28. a3 Ra8 29. Nb1 e6 30. Nc3 Be8 31. Nd2 Bf8 32. g4 Kg7 33. Nf3 b4 34.
axb4 Bxb4 35. g5 f5 36. Ne5 b5 37. g4 Bd6 38. gxf5 gxf5 39. Ne2 Ra2 40. Rb1 Kf8
41. Nc3 Ra7 42. Kg2 Bxe5 43. dxe5 b4 44. Ne2 Bc6+ 45. f3 Ra2 46. Nc1 Ra5 47.
Kf2 Rxe5 48. Ra1 Rd5 49. Ke2 c3 50. bxc3 bxc3 51. Nb3 Bb5+ 52. Kf2 c2 53. Nd4
e5 54. Nxb5 Rd1 55. Ra8+ Kg7 56. Rc8 c1=Q 57. Rxc1 Rxc1 58. f4 e4 59. Nd4 Kg6
60. Ke2 Rc3 61. Kf2 Rc4 62. Nb5 Rc2+ 63. Ke1 Rc5 64. Nd4 Ra5 65. Nc6 Rc5 66.
Nd4 Kh5 67. Ne6 Rc8 68. Ng7+ Kg4 69. Kd2 Rd8+ 70. Ke2 Rd7 71. Ne8 Ra7 72. Nd6
Ra2+ 73. Kd1 Ra5 74. Ke2 Kg3 75. Nc4 Ra2+ 76. Kd1 Kf3 77. Kc1 Ra4 78. Nb6 Rb4
79. Nd5 Rb5 80. Nf6 Kxe3 81. Nxh7 Kf2 82. g6 Rb7 83. Ng5 e3 84. Nh3+ Kf1 0-1

[Event "Pyramiden Cup 2015"]
[Site "Fuerth"]
[Date "2015.09.05"]
[Round "3.19"]
[White "Weber, Alexander"]
[Black "Eiber, Manfred"]
[Result "0-1"]
[WhiteElo "1801"]
[BlackElo "2154"]
[PlyCount "78"]
[EventDate "2015.??.??"]
[WhiteTeam "SC Erlangen"]
[BlackTeam "SW Nürnberg Süd"]

1. e4 g6 2. d4 Bg7 3. Nc3 d6 4. Nf3 a6 5. Be3 Nd7 6. Qd2 e6 7. Be2 h6 8. a4 b6
9. O-O-O b5 10. axb5 axb5 11. Bxb5 Ne7 12. Qe2 c6 13. Bd3 Rb8 14. Bc4 O-O 15.
Nd2 Qa5 16. Nb3 Qb4 17. Bd2 Qb7 18. Be3 d5 19. exd5 cxd5 20. Bd3 Nc6 21. f4 Qb6
22. Qf2 Nb4 23. g4 Nxd3+ 24. Rxd3 Ba6 25. Rdd1 Bc4 26. h4 Bxb3 27. cxb3 Qxb3
28. h5 Rfc8 29. Qc2 Rxc3 30. bxc3 Qa3+ 31. Kd2 Rb2 32. Rb1 Rxc2+ 33. Kxc2 Qa6
34. Kd2 Nb6 35. Rxb6 Qxb6 36. hxg6 Qb2+ 37. Kd3 fxg6 38. Rg1 Kf7 39. Rf1 Qb5+
0-1

[Event "Pyramiden Cup 2015"]
[Site "Fuerth"]
[Date "2015.09.05"]
[Round "3.20"]
[White "Pfadenhauer, Johannes"]
[Black "Seitner, Ralf"]
[Result "0-1"]
[WhiteElo "2067"]
[BlackElo "2080"]
[PlyCount "88"]
[EventDate "2015.??.??"]
[WhiteTeam "TSV Bindlach"]
[BlackTeam "SK Ingolstadt"]

1. d4 Nf6 2. Nf3 g6 3. g3 Bg7 4. Bg2 d6 5. O-O O-O 6. c4 Nbd7 7. Nc3 e5 8. Re1
a6 9. h3 Rb8 10. Be3 Re8 11. Qd2 exd4 12. Bxd4 Nc5 13. Rad1 Nce4 14. Nxe4 Nxe4
15. Qf4 Qe7 16. Nh2 Nc5 17. Bxg7 Kxg7 18. b4 Ne4 19. Rd4 Ng5 20. Qh4 c5 21.
bxc5 dxc5 22. Rd3 b5 23. Ng4 h5 24. Ne3 Nxh3+ 25. Bxh3 Qxh4 26. gxh4 Bxh3 27.
Rd6 Re6 28. Rd5 Rc6 29. Rb1 Be6 30. Rd2 b4 31. Kg2 a5 32. Kf3 Re8 33. Rbd1 a4
34. Kf4 f6 35. Rd6 Rec8 36. R6d3 Kf7 37. Rg1 Rb6 38. Rb1 Rcb8 39. Ke4 Re8 40.
Kf4 Reb8 41. Ke4 g5 42. hxg5 fxg5 43. Rg1 Re8 44. Nd5 Bg4+ 0-1

[Event "Pyramiden Cup 2015"]
[Site "Fuerth"]
[Date "2015.09.05"]
[Round "3.22"]
[White "Tong, Kevin"]
[Black "Kahlert, Thomas"]
[Result "1/2-1/2"]
[WhiteElo "2021"]
[BlackElo "2178"]
[PlyCount "49"]
[EventDate "2015.??.??"]
[WhiteTeam "SC Erlangen"]
[BlackTeam "SK Norderstedt"]

1. e4 e5 2. Nf3 Nc6 3. Bc4 Nf6 4. d3 Be7 5. c3 O-O 6. Nbd2 d6 7. Bb3 a6 8. Nf1
d5 9. exd5 Nxd5 10. Ng3 Kh8 11. O-O Nf4 12. d4 Ng6 13. dxe5 Qxd1 14. Rxd1 Bg4
15. Rd3 Rad8 16. Rxd8 Rxd8 17. Ne1 Ncxe5 18. Be3 Kg8 19. h3 Bd7 20. Rd1 Bc6 21.
Rxd8+ Bxd8 22. Nf5 Be4 23. Ng3 Bc6 24. Nf5 Be4 25. Ng3 1/2-1/2

[Event "Pyramiden Cup 2015"]
[Site "Fuerth"]
[Date "2015.09.05"]
[Round "3.23"]
[White "Mehringer, Joerg"]
[Black "Hoermann, Gunther"]
[Result "1-0"]
[WhiteElo "1945"]
[BlackElo "2092"]
[PlyCount "81"]
[EventDate "2015.??.??"]
[WhiteTeam "Schachpinguine Berlin"]
[BlackTeam "TSV Cadolzburg"]

1. e4 c5 2. g3 Nc6 3. Bg2 g6 4. Ne2 Bg7 5. O-O e6 6. c3 Nge7 7. d4 cxd4 8. cxd4
d5 9. e5 b5 10. g4 h5 11. Ng3 h4 12. Ne2 f6 13. f4 Qb6 14. Kh1 Ba6 15. Nbc3 O-O
16. a3 b4 17. axb4 Bxe2 18. Nxe2 Qxb4 19. Ra3 g5 20. exf6 Bxf6 21. fxg5 Bxd4
22. Ra4 Rxf1+ 23. Bxf1 Qxa4 24. Qxa4 Rf8 25. Bg2 Bb6 26. Nf4 Ne5 27. h3 N7c6
28. Qc2 Nd4 29. Qd1 Re8 30. Be3 Nec6 31. Bxd4 Nxd4 32. Qd3 Rc8 33. Qg6+ Kf8 34.
Qf6+ Ke8 35. g6 Rc1+ 36. Kh2 Rc2 37. Qf7+ Kd8 38. Nxe6+ Nxe6 39. Qxe6 Bc7+ 40.
Kg1 Bb6+ 41. Kf1 1-0

[Event "Pyramiden Cup 2015"]
[Site "Fuerth"]
[Date "2015.09.05"]
[Round "3.24"]
[White "Goldsworthy, Patrick"]
[Black "Lutter, Maximilian"]
[Result "1/2-1/2"]
[WhiteElo "2097"]
[BlackElo "1776"]
[PlyCount "30"]
[EventDate "2015.??.??"]
[WhiteTeam "SG Siemens Erlangen"]
[BlackTeam "SK Neumarkt"]

1. d4 Nf6 2. Bg5 e6 3. Nf3 c5 4. e3 b6 5. c4 Bb7 6. Nc3 Be7 7. d5 Nxd5 8. cxd5
Bxg5 9. Nxg5 Qxg5 10. Nb5 O-O 11. Nc7 Bxd5 12. Nxa8 Bxa8 13. Qd2 Nc6 14. f4 Qg4
15. a3 d5 1/2-1/2

[Event "Pyramiden Cup 2015"]
[Site "Fuerth"]
[Date "2015.09.05"]
[Round "3.25"]
[White "Sailer, Wolfgang"]
[Black "Hartmann, Thomas"]
[Result "1-0"]
[WhiteElo "2127"]
[BlackElo "2039"]
[PlyCount "140"]
[EventDate "2015.??.??"]
[WhiteTeam "SK Ingolstadt"]
[BlackTeam "SC WD Ulm"]

1. e4 d5 2. exd5 Nf6 3. d4 Bg4 4. Be2 Bxe2 5. Qxe2 Qxd5 6. Nf3 Nc6 7. Nc3 Qf5
8. Be3 O-O-O 9. O-O-O e6 10. h3 Qa5 11. Qc4 Nd5 12. Nxd5 Rxd5 13. Rd3 Rb5 14.
a3 Be7 15. Rb3 Rxb3 16. Qxb3 Rd8 17. Rd1 Qf5 18. Qd3 Qxd3 19. Rxd3 Bf6 20. Rd1
h6 21. c3 Na5 22. Kc2 Nc4 23. Bf4 Nd6 24. Re1 g5 25. Be5 Bh8 26. Bxh8 Rxh8 27.
Kd3 Re8 28. Ne5 Kd8 29. f3 Ke7 30. Nc4 h5 31. Ne3 Kf6 32. c4 Nf5 33. Nxf5 Kxf5
34. Re4 Rd8 35. Ke3 Rd6 36. Re5+ Kg6 37. Ra5 a6 38. Rc5 c6 39. Re5 b6 40. b4
Rd7 41. a4 Rb7 42. f4 gxf4+ 43. Kxf4 Rd7 44. Ke3 Rb7 45. h4 Kh6 46. d5 cxd5 47.
cxd5 exd5 48. Rxd5 Re7+ 49. Kf4 Re6 50. Rd8 Rc6 51. Kf5 Kg7 52. Rd4 Rg6 53. g4
Rf6+ 54. Ke5 Re6+ 55. Kd5 hxg4 56. Rxg4+ Kh6 57. Rg5 Rf6 58. Rg4 Kh5 59. Rc4
Rf5+ 60. Kc6 Rf6+ 61. Kb7 b5 62. axb5 axb5 63. Rd4 Re6 64. Rf4 f6 65. Kc7 Kg6
66. Kd7 Ra6 67. Ke7 f5 68. Rd4 Rb6 69. Rd5 f4 70. Rg5+ Kh6 1-0

[Event "Pyramiden Cup 2015"]
[Site "Fuerth"]
[Date "2015.09.05"]
[Round "3.26"]
[White "Koch, Christian"]
[Black "Redzepovic, Irfan"]
[Result "0-1"]
[WhiteElo "1925"]
[BlackElo "2139"]
[PlyCount "70"]
[EventDate "2015.??.??"]
[WhiteTeam "SC Höchstadt/Aisch"]
[BlackTeam "SW Nürnberg Süd"]

1. e4 e5 2. f4 exf4 3. Nf3 g5 4. Bc4 Nc6 5. O-O Bg7 6. d4 g4 7. c3 gxf3 8. Qxf3
Qe7 9. Bxf4 d6 10. Bd2 Nd8 11. Na3 Be6 12. Bb5+ c6 13. Bd3 f6 14. Rae1 Nf7 15.
b4 O-O-O 16. c4 h5 17. Qf2 Kb8 18. c5 dxc5 19. bxc5 Ngh6 20. d5 Ne5 21. d6 Qf7
22. Be2 Nhg4 23. Qd4 f5 24. Qa4 Bh6 25. Ba5 Be3+ 26. Kh1 Bxc5 27. Bc7+ Ka8 28.
exf5 Bd5 29. Bxg4 hxg4 30. Bxd8 Qh5 31. Qf4 Nd3 32. Qg3 Nf2+ 33. Rxf2 Bxf2 34.
Qe5 g3 35. h4 Qxh4+ 0-1

[Event "Pyramiden Cup 2015"]
[Site "Fuerth"]
[Date "2015.09.05"]
[Round "3.27"]
[White "Lodes, Hermann"]
[Black "Hoffmann, Sebastian"]
[Result "1-0"]
[WhiteElo "2129"]
[BlackElo "1860"]
[PlyCount "117"]
[EventDate "2015.??.??"]
[WhiteTeam "vereinslos"]
[BlackTeam "SC NT Nürnberg"]

1. d4 d5 2. c4 e5 3. dxe5 d4 4. Nf3 Nc6 5. g3 Bg4 6. Bg2 Nge7 7. O-O Ng6 8.
Nbd2 Be7 9. h3 Bxf3 10. Nxf3 Qd7 11. e3 d3 12. Bd2 Ngxe5 13. Nxe5 Nxe5 14. Qb3
O-O 15. Bc3 Ng6 16. Qxb7 Bc5 17. Rfd1 Rfd8 18. Qd5 Qe7 19. Qe4 Rab8 20. Rxd3
Rxd3 21. Qxd3 Rd8 22. Qf5 Bb4 23. Qc2 Ne5 24. Bd4 c5 25. Bxe5 Qxe5 26. Rd1
Rxd1+ 27. Qxd1 g6 28. Qc2 Kg7 29. Bd5 h5 30. a3 Ba5 31. Qa4 Be1 32. Kf1 Bd2 33.
Qd7 Qf6 34. Kg2 Be1 35. f4 Qxb2+ 36. Kf3 Qf2+ 37. Ke4 Qg2+ 38. Ke5 Bc3+ 39. Kd6
Qxg3 40. Qxf7+ Kh6 41. Be4 Bd2 42. Qf8+ Kh7 43. Bd3 Bc3 44. Qf7+ Kh6 45. Be4
Bd2 46. Qg8 Bc3 47. Kc6 Bg7 48. Qf7 h4 49. a4 Bc3 50. Qg8 Bg7 51. Qe6 Bc3 52.
f5 Qg5 53. Qxg6+ Qxg6+ 54. fxg6 Bd2 55. Kb5 Bxe3 56. Ka6 Bd4 57. Kxa7 Kg5 58.
a5 Kf4 59. Bd5 1-0

[Event "Pyramiden Cup 2015"]
[Site "Fuerth"]
[Date "2015.09.05"]
[Round "3.28"]
[White "Hornung, Hans"]
[Black "Gerl, Hans"]
[Result "1-0"]
[WhiteElo "2106"]
[BlackElo "1968"]
[PlyCount "69"]
[EventDate "2015.??.??"]
[WhiteTeam "SK Klosterlechfeld"]
[BlackTeam "SK Zirndorf"]

1. Nf3 Nf6 2. c4 c5 3. Nc3 Nc6 4. g3 e6 5. Bg2 d5 6. cxd5 Nxd5 7. O-O Be7 8. d4
Nxc3 9. bxc3 O-O 10. e4 cxd4 11. cxd4 Bf6 12. Be3 Bd7 13. Rb1 b6 14. Qe2 Rc8
15. Rbc1 Na5 16. Rxc8 Bxc8 17. Rd1 Bb7 18. Qd3 Qd7 19. d5 exd5 20. exd5 Qa4 21.
Ng5 g6 22. Ne4 Bg7 23. d6 Ba6 24. Qb1 Nc4 25. Bg5 Ne5 26. Nf6+ Bxf6 27. Bxf6
Nd7 28. Ba1 Bc4 29. Re1 Bxa2 30. Qb2 f6 31. Qc3 Bc4 32. Bh3 Nc5 33. d7 Bb5 34.
d8=Q Ne4 35. Qd5+ 1-0

[Event "Pyramiden Cup 2015"]
[Site "Fuerth"]
[Date "2015.09.05"]
[Round "3.29"]
[White "Grabmeier, Johannes"]
[Black "Meulner, Klaus"]
[Result "0-1"]
[WhiteElo "1929"]
[BlackElo "2134"]
[PlyCount "120"]
[EventDate "2015.??.??"]
[WhiteTeam "SV Deggendorf"]
[BlackTeam "SW Nürnberg Süd"]

1. b3 d5 2. e3 Nf6 3. Bb2 Bf5 4. d3 e6 5. Be2 h6 6. Nd2 a5 7. a3 Nbd7 8. Ngf3
Bc5 9. O-O O-O 10. Re1 c6 11. Bf1 Bh7 12. Ne5 Nxe5 13. Bxe5 Nd7 14. Bb2 a4 15.
b4 Be7 16. Nf3 Qc7 17. c4 dxc4 18. dxc4 Rfd8 19. Bd3 Bxd3 20. Qxd3 Nc5 21. Qc2
Nd3 22. Red1 Nxb2 23. Qxb2 Bf6 24. Nd4 Rd7 25. Qc2 Rad8 26. Rac1 Bxd4 27. exd4
Rxd4 28. Qxa4 Qf4 29. g3 Rxd1+ 30. Rxd1 Rxd1+ 31. Qxd1 Qxc4 32. Qd8+ Kh7 33.
Qd7 Kg6 34. Qxb7 Qc1+ 35. Kg2 Qxa3 36. h4 Qa4 37. Qe7 Qb5 38. g4 Qd5+ 39. Kg3
Qe5+ 40. Kg2 h5 41. f3 Qf4 42. gxh5+ Kxh5 43. Qc5+ Kxh4 44. Qxc6 Qxb4 45. Qc7
Qd2+ 46. Kf1 Qd3+ 47. Kf2 Qd4+ 48. Kg2 f5 49. Qg3+ Kh5 50. f4 Qf6 51. Qf3+ Kg6
52. Qb3 Kf7 53. Qe3 Qb2+ 54. Kg3 Qb7 55. Qd4 Qd5 56. Qa7+ Kg6 57. Qe7 Qd3+ 58.
Kh4 Qe2 59. Qe8+ Kh7 60. Kg3 Qg4+ 0-1

[Event "Pyramiden Cup 2015"]
[Site "Fuerth"]
[Date "2015.09.05"]
[Round "3.30"]
[White "Wittmann, Helmut"]
[Black "Kuespert, Helmut"]
[Result "0-1"]
[WhiteElo "2106"]
[BlackElo "1934"]
[PlyCount "56"]
[EventDate "2015.??.??"]
[WhiteTeam "BSG Wöhrlhaus"]
[BlackTeam "1.FC Marktleuthen"]

1. d4 Nf6 2. Bg5 e6 3. Nd2 Be7 4. e4 d6 5. Ngf3 Nbd7 6. e5 dxe5 7. dxe5 Nd5 8.
h4 h6 9. Bxe7 Qxe7 10. h5 Qb4 11. Qc1 b6 12. Rh4 Qe7 13. Bb5 Bb7 14. Rg4 O-O-O
15. Rxg7 Rhg8 16. Rxg8 Rxg8 17. g3 f5 18. exf6 N7xf6 19. Be2 e5 20. Nc4 e4 21.
Nd4 e3 22. Nxe3 Qe4 23. Qd2 Nxe3 24. Qxe3 Qh1+ 25. Kd2 Ne4+ 26. Kd3 Qxa1 27.
Qxh6 Nc5+ 28. Ke3 Qc1# 0-1

[Event "Pyramiden Cup 2015"]
[Site "Fuerth"]
[Date "2015.09.05"]
[Round "3.31"]
[White "Lechermann, Markus"]
[Black "Weber, Samuel"]
[Result "1/2-1/2"]
[WhiteElo "2042"]
[BlackElo "1936"]
[PlyCount "89"]
[EventDate "2015.??.??"]
[WhiteTeam "MTV Ingolstadt"]
[BlackTeam "SC Flörsheim"]

1. d4 Nf6 2. c4 e6 3. Nf3 c5 4. Nc3 a6 5. a4 g6 6. d5 d6 7. e4 exd5 8. cxd5 Bg4
9. Be2 Nbd7 10. h3 Bxf3 11. Bxf3 Bg7 12. a5 Ne5 13. Be2 O-O 14. O-O Re8 15. f4
Ned7 16. Bf3 Qc7 17. Re1 Rab8 18. Kh1 b5 19. axb6 Rxb6 20. Qc2 Reb8 21. Na4 Rb3
22. Bd2 Ne8 23. Ra2 Qb7 24. Bc3 Bxc3 25. bxc3 Rb1 26. Rxb1 Qxb1+ 27. Qxb1 Rxb1+
28. Kh2 Nc7 29. c4 Rb4 30. Be2 f6 31. Bg4 f5 32. exf5 Nf6 33. fxg6 Nxg4+ 34.
hxg4 hxg6 35. Nb2 Kf7 36. g3 g5 37. Kg2 Kf6 38. Kf2 a5 39. Ke2 a4 40. Nxa4 Rxc4
41. Nb6 Rb4 42. Nc8 Nxd5 43. Ra6 gxf4 44. gxf4 Nxf4+ 45. Kf3 1/2-1/2

[Event "Pyramiden Cup 2015"]
[Site "Fuerth"]
[Date "2015.09.05"]
[Round "3.32"]
[White "Weber, Bernhard"]
[Black "Bildt, Maximilian"]
[Result "0-1"]
[WhiteElo "1899"]
[BlackElo "1976"]
[PlyCount "134"]
[EventDate "2015.??.??"]
[WhiteTeam "SG Siebengebirge"]
[BlackTeam "SK Zirndorf"]

1. e4 c5 2. Nf3 d6 3. d4 cxd4 4. Nxd4 a6 5. c4 Nf6 6. Nc3 g6 7. Be2 Bg7 8. O-O
Nc6 9. Be3 O-O 10. f3 Bd7 11. Qd2 Qb8 12. Rfc1 Rc8 13. a3 Na5 14. Nd1 Nc6 15.
Rab1 e5 16. Nc2 Ne8 17. Nb4 Nxb4 18. Qxb4 Bf8 19. Qd2 Nc7 20. Nc3 b5 21. b4 Be6
22. Nd5 Nxd5 23. cxd5 Bd7 24. Rb3 Qb7 25. Rbc3 Rxc3 26. Rxc3 Rc8 27. Qc1 Rxc3
28. Qxc3 Be7 29. Kf1 Bd8 30. f4 Qc7 31. Qxc7 Bxc7 32. Ke1 Kf8 33. Kd2 Ke7 34.
a4 f6 35. g3 exf4 36. gxf4 Kf7 37. Bd3 f5 38. a5 fxe4 39. Bxe4 Bf5 40. Bf3 Bd8
41. Bd4 Bh4 42. Ke2 Ke7 43. Bc3 g5 44. fxg5 Bxg5 45. Bd4 Bf4 46. h4 Bg3 47. h5
Kf7 48. Bc3 Bh4 49. Ke3 Bg5+ 50. Kf2 Bf6 51. Bd2 Be5 52. Ke3 Kf6 53. Be2 Bb2
54. Kf4 Bd4 55. Bf3 Be5+ 56. Ke3 Kg5 57. Kf2+ Bf4 58. Bc3 Bg4 59. Bf6+ Kxh5 60.
Be7 Be5 61. Ke3 Bxf3 62. Kxf3 Kg6 63. Bh4 Bc3 64. Bg3 Bxb4 65. Ke4 Kg5 66. Bf4+
Kg4 67. Bh2 h5 0-1